000 00512nam a22001937a 4500
005 20260604110314.0
008 260604b |||||||| |||| 00| 0 eng d
020 _a9789380444253
_c795.00
040 _aMAIN
041 _aEnglish
082 _a174.962
_bSHU
100 _aShukla, R.K.
_910451
245 _aHuman Values And Professionals Ethics
260 _aNew Delhi
_bA.B. Publication
_c2025
300 _a146
650 _aCommece (PM USHA)
_927003
700 _aMishra, Anuranjan
_919141
942 _cBK
999 _c60983
_d60983